Dějiny ekonomického myšlení

Gespeichert in:
Bibliographische Detailangaben
1. Verfasser: Holman, Robert
Format: Buch
Sprache:Tschechisch
Veröffentlicht: Praha C.H. BECK 2001
Ausgabe:2. vyd.
Schriftenreihe:Beckovy ekonomické učebnice
Schlagworte:
Tags: Tag hinzufügen
Keine Tags, Fügen Sie das erste Tag hinzu!

MARC

LEADER 00000nam$a2200000$$$4500
001 0007804
005 20240226134026.3
020 |a 80-7179-631-X 
041 0 |a cze 
044 |a CZ 
245 1 0 |a Dějiny ekonomického myšlení  |c Robert Holman a kol. 
250 |a 2. vyd. 
264 1 |a Praha  |b C.H. BECK  |c 2001 
300 |a 541 s. 
490 1 |a Beckovy ekonomické učebnice 
830 0 |a Beckovy ekonomické učebnice 
610 2 0 |a dejiny myslenia ekonomického 
610 2 0 |a teórie ekonomické 
610 2 0 |a merkantilizmus 
610 2 0 |a ekonómia politická klasická 
610 2 0 |a anarchizmus 
610 2 0 |a škola historická 
610 2 0 |a škola klasická 
610 2 0 |a marginalizmus 
610 2 0 |a ordoliberalizmus 
610 2 0 |a keynesizmus 
610 2 0 |a neokeynesizmus 
610 2 0 |a škola voľby verejnej 
610 2 0 |a Česko 
100 1 |a Holman, Robert